| 000 | 00884nam a2200301Ia 4500 | ||
|---|---|---|---|
| 003 | OSt | ||
| 005 | 20221006160526.0 | ||
| 006 | a|||||r|||| 00| 0 | ||
| 007 | ta | ||
| 008 | 221006b |||||||| |||| 00| 0 jpn d | ||
| 020 |
_a4003107624 _c¥310 |
||
| 020 | _a9784003107621 | ||
| 024 | _a45,396 | ||
| 037 |
_bGift, Prof. Yuichi Kamimura _cTextual |
||
| 040 |
_aEASL _cEASL _bjpn |
||
| 041 |
_2jpn _ajpn |
||
| 082 | _aO42,3M96, K7 | ||
| 100 |
_aMiyazawa Kenji _9644160 |
||
| 245 | 0 |
_aDowashu _b Kaze no matasaburo |
|
| 260 |
_aTokyo _bIwanami Shoten Japan _c1967 |
||
| 300 |
_a310p. _ccm. |
||
| 490 | _v JL | ||
| 650 | _a JL | ||
| 650 |
_aJapan - Literature - Novel _9645987 |
||
| 700 |
_a Tanikawa Tetsuzo Ed. _9674004 |
||
| 942 |
_hO42,3M96, K7 _cTEXL _2CC |
||
| 999 |
_c1113488 _d1113488 |
||